| 000 | 00838nam a22001937a 4500 | ||
|---|---|---|---|
| 003 | BD-DhUL | ||
| 005 | 20161117144111.0 | ||
| 008 | 161117s1930 ii |||| |||| 000 0 ben d | ||
| 040 |
_aBD-DhUL _cBD-DhUL |
||
| 082 |
_a891.449 _bJAS |
||
| 100 | 1 | _aগোস্বামী, জগদানন্দ | |
| 245 | 1 | 0 |
_aশ্রীপ্রেমবিবত্ত / _cজগদানন্দ গোস্বামী, ভক্তিসিদ্ধান্ত গোস্বামী |
| 260 |
_aকলিকাতা : _bশ্রীঅনস্তবাসুদেব, _c১৯৩০। |
||
| 300 |
_a১২০ পৃ. ; _c১৮ সেমি. |
||
| 650 | _aবাংলা সাহিত্য। | ||
| 650 | _aBangla Literature | ||
| 700 | 0 | _aভক্তিসিদ্ধান্ত গোস্বামী | |
| 942 |
_2ddc _cBK |
||
| 999 |
_c125102 _d125102 |
||